00988nam a2200265 a 4500001000200000003000400002005001700006008004000023020000600063040002500069082002600094100001400120245010600134250000600240260003300246300002300279500006200302504007300364546002300437650003600460651006100496651006300557651005500620651004700675 OSt20260417131324.0090716s1900 dr ab 000 0 spa d a  aDO-SdBNPbspacBNPHU a341.42bP873h, 19001 aA. Poujol10aLe differend entre Haití & Saint-Domingue bau sujet de leurs frontieres nationales /c A. Poujol  a  aParís :bA. Pedone, c1900 a65 p. ;b c23 cm. aTrait de la revue generale de droit international public  aIncluye referencias bibliográficas y notas al pie de las páginas aTexto en francés 4aDerecho internacional público 4aRepública DominicanaxLimites zHaití xHistoria 2  4aHaitíxRelaciones exteriores x zRepública Dominicana 4aRepública Dominicana xTratados internacionales  4aHaitíx Limites zRepública Dominicana